00317nam a2200121Ia 4500008004100000041000800041082001200049100001700061245004500078260004700123300001800170365000700188240624s9999 xx 000 0 und d aeng a823 PAU aCOELHO PAULO aALCHEMIST A MAGICAL FABLE ABOUT FOLLOWIN c1998aNew DelhibHarper Collins Publishers a177p. , 20cm. cRS